[Event "BPB Limburg Open - Group A"]
[Site "chess24.com"]
[Date "2016.05.16"]
[Round "6"]
[White "Ernst, Sipke"]
[Black "Lai, Hing Ting"]
[Result "1/2-1/2"]
[Board "8"]
[WhiteTitle "GM"]
[WhiteElo "2543"]
[WhiteCountry "NED"]
[WhiteFideId "1004689"]
[WhiteEloChange "-3"]
[BlackTitle "FM"]
[BlackElo "2332"]
[BlackCountry "NED"]
[BlackFideId "1038257"]
[BlackEloChange "5"]

1. d4 {[%clk 2:00:28]} Nf6 {[%clk 2:00:23]} 2. c4 {[%clk 2:00:37]} e6 {[%clk
2:00:32]} 3. Nc3 {[%clk 2:00:48]} Bb4 {[%clk 2:00:38]} 4. Qc2 {[%clk 2:00:36]} c5
{[%clk 2:00:05]} 5. dxc5 {[%clk 2:00:45]} O-O {[%clk 2:00:09]} 6. a3 {[%clk
2:00:23]} Bxc5 {[%clk 1:59:57]} 7. Nf3 {[%clk 2:00:33]} Be7 {[%clk 1:58:55]} 8.
e4 {[%clk 1:52:45]} d6 {[%clk 1:57:38]} 9. Bf4 {[%clk 1:52:12]} Nh5 {[%clk
1:55:41]} 10. Be3 {[%clk 1:51:36]} a6 {[%clk 1:54:06]} 11. O-O-O {[%clk 1:47:53]}
Qc7 {[%clk 1:53:03]} 12. g4 {[%clk 1:43:07]} Nf6 {[%clk 1:53:07]} 13. Rg1 {[%clk
1:43:15]} Nc6 {[%clk 1:50:02]} 14. g5 {[%clk 1:43:23]} Nd7 {[%clk 1:49:17]} 15.
h4 {[%clk 1:43:11]} Na5 {[%clk 1:41:58]} 16. Nd2 {[%clk 1:30:08]} Nb6 {[%clk
1:39:26]} 17. b3 {[%clk 1:17:33]} d5 {[%clk 1:29:17]} 18. c5 {[%clk 1:13:26]}
Bxc5 {[%clk 1:28:42]} 19. Bxc5 {[%clk 1:11:49]} Qxc5 {[%clk 1:28:54]} 20. b4
{[%clk 1:11:52]} Qe7 {[%clk 1:22:34]} 21. bxa5 {[%clk 1:06:02]} Qxa3+ {[%clk
1:22:25]} 22. Kb1 {[%clk 1:04:10]} Qxa5 {[%clk 1:17:34]} 23. Nb3 {[%clk 0:59:41]}
Qb4 {[%clk 1:16:23]} 24. Na2 {[%clk 0:54:03]} Qe7 {[%clk 1:08:56]} 25. exd5
{[%clk 0:40:25]} exd5 {[%clk 1:06:58]} 26. Qc5 {[%clk 0:34:33]} Bf5+ {[%clk
1:04:05]} 27. Bd3 {[%clk 0:34:43]} Bxd3+ {[%clk 0:58:48]} 28. Rxd3 {[%clk
0:34:56]} Qe6 {[%clk 0:58:49]} 29. Qd4 {[%clk 0:30:40]} Rac8 {[%clk 0:57:25]} 30.
Nd2 {[%clk 0:26:33]} Nc4 {[%clk 0:54:07]} 31. h5 {[%clk 0:25:07]} Ne5 {[%clk
0:48:51]} 32. Re1 {[%clk 0:21:55]} Nc6 {[%clk 0:47:08]} 33. Rxe6 {[%clk 0:21:58]}
Nxd4 {[%clk 0:47:17]} 34. Rb6 {[%clk 0:18:48]} Ne6 {[%clk 0:46:43]} 35. Rxd5
{[%clk 0:18:46]} Nf4 {[%clk 0:46:16]} 36. Rd7 {[%clk 0:15:50]} Nxh5 {[%clk
0:46:15]} 37. Rbxb7 {[%clk 0:14:15]} Rfe8 {[%clk 0:43:51]} 38. f3 {[%clk
0:11:52]} Re5 {[%clk 0:39:38]} 39. Ne4 {[%clk 0:11:53]} Rf8 {[%clk 0:39:18]} 40.
Nb4 {[%clk 0:09:02]} Rf5 {[%clk 0:38:08]} 41. Rd3 {[%clk 0:09:16]} g6 {[%clk
0:32:57]} 42. Nd5 {[%clk 0:08:44]} Kg7 {[%clk 0:33:04]} 43. Ndf6 {[%clk 0:07:08]}
h6 {[%clk 0:27:02]} 44. Nxh5+ {[%clk 0:06:45]} gxh5 {[%clk 0:27:15]} 45. gxh6+
{[%clk 0:05:30]} Kxh6 {[%clk 0:27:29]} 46. Rb6+ {[%clk 0:04:55]} f6 {[%clk
0:25:17]} 47. Rxa6 {[%clk 0:05:09]} h4 {[%clk 0:24:57]} 48. Ra2 {[%clk 0:04:19]}
Rg8 {[%clk 0:23:13]} 49. Rh2 {[%clk 0:04:18]} Rf4 {[%clk 0:23:26]} 50. Kc2 {[%clk
0:04:14]} f5 {[%clk 0:23:33]} 51. Rd6+ {[%clk 0:03:59]} Rg6 {[%clk 0:23:00]} 52.
Rxg6+ {[%clk 0:04:13]} Kxg6 {[%clk 0:23:14]} 53. Nd2 {[%clk 0:04:26]} Kf6 {[%clk
0:22:38]} 54. Kd3 {[%clk 0:04:37]} Ra4 {[%clk 0:21:17]} 55. Rg2 {[%clk 0:04:05]}
Ke5 {[%clk 0:20:11]} 56. Rh2 {[%clk 0:03:54]} Ra3+ {[%clk 0:17:33]} 57. Ke2
{[%clk 0:04:08]} Ra4 {[%clk 0:17:30]} 58. Ke3 {[%clk 0:04:21]} Ra3+ {[%clk
0:17:36]} 59. Kf2 {[%clk 0:04:34]} Ra2 {[%clk 0:17:08]} 60. Ke2 {[%clk 0:04:00]}
Ra4 {[%clk 0:16:19]} 61. Rh1 {[%clk 0:03:34]} Kf6 {[%clk 0:15:46]} 62. Rg1 {[%clk
0:02:59]} Ke5 {[%clk 0:15:45]} 63. Rg8 {[%clk 0:02:17]} Kf4 {[%clk 0:15:22]} 64.
Rg7 {[%clk 0:01:45]} Ra1 {[%clk 0:13:25]} 65. Rh7 {[%clk 0:01:26]} Kg5 {[%clk
0:11:05]} 66. Rd7 {[%clk 0:01:05]} Ra4 {[%clk 0:09:46]} 67. Kf2 {[%clk 0:00:53]}
Ra2 {[%clk 0:05:14]} 68. Rd4 {[%clk 0:01:00]} Rc2 {[%clk 0:04:55]} 69. Kg2 {[%clk
0:01:10]} Ra2 {[%clk 0:04:45]} 70. Kh3 {[%clk 0:01:22]} Ra3 {[%clk 0:04:58]} 71.
Rd8 {[%clk 0:01:07]} Ra1 {[%clk 0:04:52]} 72. Rd3 {[%clk 0:01:09]} Kf4 {[%clk
0:04:06]} 73. Kg2 {[%clk 0:00:38]} Ra2 {[%clk 0:04:04]} 74. Kh2 {[%clk 0:00:31]}
Rc2 {[%clk 0:04:10]} 75. Kh3 {[%clk 0:00:39]} Rc1 {[%clk 0:04:24]} 76. Nb3 {[%clk
0:00:49]} Rh1+ {[%clk 0:03:28]} 77. Kg2 {[%clk 0:01:03]} Rb1 {[%clk 0:03:38]} 78.
Nd4 {[%clk 0:01:13]} Kg5 {[%clk 0:03:21]} 79. Ne6+ {[%clk 0:01:22]} Kf6 {[%clk
0:03:31]} 80. Nf4 {[%clk 0:01:34]} Kg5 {[%clk 0:03:38]} 81. Nh3+ {[%clk 0:01:48]}
Kf6 {[%clk 0:03:50]} 82. Rd6+ {[%clk 0:02:02]} Ke5 {[%clk 0:04:00]} 83. Rh6
{[%clk 0:02:12]} Rb2+ {[%clk 0:04:11]} 84. Nf2 {[%clk 0:02:25]} Kf4 {[%clk
0:04:16]} 85. Rh8 {[%clk 0:01:26]} h3+ {[%clk 0:04:05]} 86. Rxh3 {[%clk 0:00:43]}
Ke3 {[%clk 0:04:19]} 87. f4+ {[%clk 0:00:57]} Kxf4 {[%clk 0:04:33]} 88. Rf3+
{[%clk 0:01:03]} Ke5 {[%clk 0:04:35]} 89. Kg3 {[%clk 0:01:18]} Rb8 {[%clk
0:04:40]} 90. Nd3+ {[%clk 0:01:32]} Kf6 {[%clk 0:04:49]} 91. Nc5 {[%clk 0:01:42]}
Rc8 {[%clk 0:04:40]} 92. Rc3 {[%clk 0:01:36]} Rg8+ {[%clk 0:04:52]} 93. Kf3
{[%clk 0:01:50]} Rh8 {[%clk 0:04:57]} 94. Nd3 {[%clk 0:02:02]} Rh3+ {[%clk
0:05:07]} 95. Kf4 {[%clk 0:02:12]} Rh4+ {[%clk 0:05:21]} 96. Kg3 {[%clk 0:02:26]}
Re4 {[%clk 0:05:17]} 97. Nf2 {[%clk 0:02:23]} Re6 {[%clk 0:05:14]} 98. Kf4 {[%clk
0:02:25]} Ra6 {[%clk 0:05:25]} 99. Rc4 {[%clk 0:02:36]} Rd6 {[%clk 0:05:31]} 100.
Nh1 {[%clk 0:02:41]} Ke6 {[%clk 0:05:16]} 101. Ng3 {[%clk 0:02:55]} Rd1 {[%clk
0:05:20]} 102. Ra4 {[%clk 0:03:04]} Kd5 {[%clk 0:05:19]} 103. Kxf5 {[%clk
0:03:16]} Rd4 {[%clk 0:05:21]} 104. Ra8 {[%clk 0:03:17]} Kc4 {[%clk 0:05:34]}
105. Ne4 {[%clk 0:03:28]} Rd5+ {[%clk 0:05:28]} 106. Kf4 {[%clk 0:03:38]} Rd7
{[%clk 0:05:04]} 107. Ra4+ {[%clk 0:03:21]} Kb5 {[%clk 0:05:09]} 108. Ra1 {[%clk
0:03:31]} Re7 {[%clk 0:04:57]} 109. Rc1 {[%clk 0:03:41]} Kb6 {[%clk 0:04:13]}
110. Ke3 {[%clk 0:03:31]} Rc7 {[%clk 0:04:18]} 111. Rh1 {[%clk 0:03:13]} Re7
{[%clk 0:04:08]} 112. Kd4 {[%clk 0:03:20]} Re6 {[%clk 0:04:04]} 113. Kd5 {[%clk
0:03:34]} Rg6 {[%clk 0:04:13]} 114. Rh7 {[%clk 0:03:23]} Rg1 {[%clk 0:04:18]}
115. Rh6+ {[%clk 0:02:35]} Kb5 {[%clk 0:04:20]} 116. Nd6+ {[%clk 0:02:48]} Kb4
{[%clk 0:04:30]} 117. Rh4+ {[%clk 0:03:00]} Kb3 {[%clk 0:04:40]} 118. Nf5 {[%clk
0:02:57]} Rg5 {[%clk 0:04:38]} 119. Rf4 {[%clk 0:03:05]} Kc3 {[%clk 0:04:48]}
120. Rf3+ {[%clk 0:03:17]} Kd2 {[%clk 0:04:47]} 121. Ke5 {[%clk 0:03:31]} Rg8
{[%clk 0:04:34]} 122. Nd6 {[%clk 0:03:45]} Ke2 {[%clk 0:04:35]} 123. Rh3 {[%clk
0:03:57]} Kf2 {[%clk 0:04:39]} 124. Ne4+ {[%clk 0:04:07]} Kg2 {[%clk 0:04:50]}
125. Rh6 {[%clk 0:03:50]} Kf3 {[%clk 0:04:48]} 126. Rh3+ {[%clk 0:03:58]} Kg2
{[%clk 0:04:55]} 127. Ra3 {[%clk 0:04:08]} Re8+ {[%clk 0:04:45]} 128. Kd4 {[%clk
0:04:21]} Rf8 {[%clk 0:04:40]} 129. Rg3+ {[%clk 0:04:34]} Kh2 {[%clk 0:04:43]}
130. Ke3 {[%clk 0:04:46]} Ra8 {[%clk 0:04:37]} 131. Rg6 {[%clk 0:04:50]} Ra3+
{[%clk 0:04:03]} 132. Kf4 {[%clk 0:05:05]} Ra4 {[%clk 0:04:05]} 133. Rd6 {[%clk
0:03:56]} Ra2 {[%clk 0:03:50]} 134. Nd2 {[%clk 0:03:39]} Ra4+ {[%clk 0:03:24]}
135. Kf3 {[%clk 0:03:49]} Ra3+ {[%clk 0:03:28]} 136. Kf4 {[%clk 0:03:40]} Ra4+
{[%clk 0:03:17]} 137. Ne4 {[%clk 0:03:53]} Ra3 {[%clk 0:03:13]} 138. Rd2+ {[%clk
0:04:03]} Kg1 {[%clk 0:03:26]} 139. Rc2 {[%clk 0:04:08]} Ra8 {[%clk 0:03:17]}
140. Ng5 {[%clk 0:03:09]} Kf1 {[%clk 0:03:15]} 141. Ne6 {[%clk 0:03:08]} Ra4+
{[%clk 0:03:22]} 142. Ke3 {[%clk 0:03:20]} Ra3+ {[%clk 0:03:34]} 143. Ke4 {[%clk
0:03:34]} Ra8 {[%clk 0:03:29]} 144. Nf4 {[%clk 0:03:39]} Ra3 {[%clk 0:03:22]}
145. Nd5 {[%clk 0:02:11]} Ke1 {[%clk 0:03:04]} 146. Nc3 {[%clk 0:02:10]} Ra8
{[%clk 0:02:57]} 147. Nd5 {[%clk 0:01:30]} Re8+ {[%clk 0:03:00]} 148. Kd3 {[%clk
0:01:44]} Rd8 {[%clk 0:03:02]} 149. Ke4 {[%clk 0:01:55]} Re8+ {[%clk 0:03:07]}
150. Kf3 {[%clk 0:02:09]} Rf8+ {[%clk 0:03:05]} 151. Nf4 {[%clk 0:02:22]} Kd1
{[%clk 0:03:18]} 152. Ra2 {[%clk 0:02:24]} Re8 {[%clk 0:03:28]} 153. Nd5 {[%clk
0:02:32]} Kc1 {[%clk 0:03:30]} 154. Ne3 {[%clk 0:02:37]} Kb1 {[%clk 0:03:28]}
155. Re2 {[%clk 0:02:47]} Re7 {[%clk 0:03:29]} 156. Rd2 {[%clk 0:02:55]} Rh7
{[%clk 0:03:26]} 157. Ke4 {[%clk 0:02:54]} Re7+ {[%clk 0:03:32]} 158. Kd4 {[%clk
0:03:07]} Rc7 {[%clk 0:03:31]} 159. Nd5 {[%clk 0:03:20]} 1/2-1/2

[Event "BPB Limburg Open - Group A"]
[Site "chess24.com"]
[Date "2016.05.16"]
[Round "6"]
[White "Van Meegen, Ruud"]
[Black "Schroeder, Jan-Christian"]
[Result "0-1"]
[Board "9"]
[WhiteElo "2110"]
[WhiteCountry "NED"]
[WhiteFideId "1034995"]
[WhiteEloChange "-2"]
[BlackTitle "GM"]
[BlackElo "2508"]
[BlackCountry "GER"]
[BlackFideId "24662259"]
[BlackEloChange "1"]

1. e4 {[%clk 2:00:27]} e5 {[%clk 2:00:25]} 2. Nf3 {[%clk 2:00:37]} d6 {[%clk
2:00:36]} 3. d4 {[%clk 2:00:42]} exd4 {[%clk 2:00:48]} 4. Nxd4 {[%clk 2:00:51]}
Nf6 {[%clk 2:00:59]} 5. Nc3 {[%clk 2:00:52]} Be7 {[%clk 2:01:10]} 6. g3 {[%clk
1:59:18]} O-O {[%clk 2:01:19]} 7. Bg2 {[%clk 1:59:29]} Re8 {[%clk 2:01:29]} 8.
O-O {[%clk 1:59:36]} Bf8 {[%clk 2:01:41]} 9. h3 {[%clk 1:58:14]} c6 {[%clk
2:01:23]} 10. a4 {[%clk 1:57:09]} Na6 {[%clk 2:00:29]} 11. Bf4 {[%clk 1:50:19]}
g6 {[%clk 1:59:11]} 12. Qd2 {[%clk 1:48:51]} Nd7 {[%clk 1:56:51]} 13. Rad1 {[%clk
1:33:18]} Nac5 {[%clk 1:43:23]} 14. Bg5 {[%clk 1:25:26]} Qb6 {[%clk 1:41:03]} 15.
b3 {[%clk 1:23:24]} Qb4 {[%clk 1:34:56]} 16. Nde2 {[%clk 1:16:25]} a5 {[%clk
1:29:20]} 17. Bh6 {[%clk 1:11:44]} Be7 {[%clk 1:27:48]} 18. Bg5 {[%clk 1:05:03]}
Nf6 {[%clk 1:22:37]} 19. f3 {[%clk 0:56:19]} Bd7 {[%clk 1:17:46]} 20. Qe3 {[%clk
0:52:11]} Ne6 {[%clk 1:15:43]} 21. Bh4 {[%clk 0:48:18]} Rad8 {[%clk 0:55:28]} 22.
Kh1 {[%clk 0:47:52]} Ng7 {[%clk 0:47:32]} 23. Qd2 {[%clk 0:43:08]} Bc8 {[%clk
0:44:26]} 24. Kh2 {[%clk 0:37:42]} Ne6 {[%clk 0:39:58]} 25. Nc1 {[%clk 0:34:53]}
Nc5 {[%clk 0:37:33]} 26. N1a2 {[%clk 0:32:00]} Qb6 {[%clk 0:35:55]} 27. Nc1
{[%clk 0:31:46]} Qc7 {[%clk 0:35:37]} 28. Qd4 {[%clk 0:30:04]} Ne6 {[%clk
0:35:08]} 29. Qe3 {[%clk 0:29:52]} d5 {[%clk 0:29:09]} 30. exd5 {[%clk 0:24:58]}
Nxd5 {[%clk 0:28:40]} 31. Nxd5 {[%clk 0:25:02]} cxd5 {[%clk 0:27:53]} 32. Bxe7
{[%clk 0:25:08]} Rxe7 {[%clk 0:28:04]} 33. Qf2 {[%clk 0:23:13]} Ng7 {[%clk
0:26:49]} 34. f4 {[%clk 0:20:56]} Nf5 {[%clk 0:26:28]} 35. Rfe1 {[%clk 0:18:22]}
Rxe1 {[%clk 0:26:37]} 36. Rxe1 {[%clk 0:17:51]} d4 {[%clk 0:24:44]} 37. Be4
{[%clk 0:12:20]} Ne3 {[%clk 0:24:54]} 38. Qd2 {[%clk 0:12:17]} Qd7 {[%clk
0:14:37]} 39. Bg2 {[%clk 0:10:09]} b6 {[%clk 0:14:47]} 40. Nd3 {[%clk 0:09:19]}
Qc7 {[%clk 0:14:34]} 41. Rc1 {[%clk 0:08:28]} Qc3 {[%clk 0:14:10]} 42. Qe1 {[%clk
0:03:49]} Bf5 {[%clk 0:13:25]} 43. Nf2 {[%clk 0:02:17]} Qxe1 {[%clk 0:12:52]} 44.
Rxe1 {[%clk 0:02:27]} Bxc2 {[%clk 0:12:06]} 45. Bc6 {[%clk 0:02:32]} Rc8 {[%clk
0:11:18]} 46. Bb5 {[%clk 0:02:31]} Bxb3 {[%clk 0:09:42]} 47. g4 {[%clk 0:02:12]}
Bc2 {[%clk 0:08:26]} 48. Nd3 {[%clk 0:01:40]} Bxd3 {[%clk 0:06:40]} 49. Bxd3
{[%clk 0:01:49]} Rc3 {[%clk 0:06:52]} 50. Bb5 {[%clk 0:01:54]} Kg7 {[%clk
0:06:53]} 51. Re2 {[%clk 0:01:25]} Nd5 {[%clk 0:04:48]} 52. Rd2 {[%clk 0:01:08]}
Nxf4 {[%clk 0:04:25]} 53. Rxd4 {[%clk 0:01:17]} Rxh3+ {[%clk 0:04:32]} 54. Kg1
{[%clk 0:01:27]} Ne6 {[%clk 0:04:36]} 55. Rd6 {[%clk 0:01:35]} Rg3+ {[%clk
0:04:46]} 56. Kh2 {[%clk 0:01:22]} Rxg4 {[%clk 0:04:37]} 57. Rxb6 {[%clk
0:01:30]} Nc5 {[%clk 0:04:35]} 0-1

[Event "BPB Limburg Open - Group A"]
[Site "chess24.com"]
[Date "2016.05.16"]
[Round "6"]
[White "Wirig, Anthony"]
[Black "Warmerdam, Max"]
[Result "1-0"]
[Board "10"]
[WhiteTitle "GM"]
[WhiteElo "2494"]
[WhiteCountry "FRA"]
[WhiteFideId "615013"]
[WhiteEloChange "4"]
[BlackTitle "FM"]
[BlackElo "2387"]
[BlackCountry "NED"]
[BlackFideId "1048104"]
[BlackEloChange "-7"]

1. d4 {[%clk 2:00:28]} Nf6 {[%clk 2:00:26]} 2. Nf3 {[%clk 2:00:37]} g6 {[%clk
2:00:38]} 3. c4 {[%clk 2:00:48]} Bg7 {[%clk 2:00:49]} 4. g3 {[%clk 2:00:59]} O-O
{[%clk 2:00:59]} 5. Bg2 {[%clk 2:01:10]} d6 {[%clk 2:01:11]} 6. O-O {[%clk
2:01:19]} Nc6 {[%clk 2:01:22]} 7. Nc3 {[%clk 2:01:30]} a6 {[%clk 2:01:34]} 8. Bf4
{[%clk 2:01:40]} Rb8 {[%clk 2:01:39]} 9. Rc1 {[%clk 2:00:13]} h6 {[%clk 2:00:35]}
10. b3 {[%clk 1:50:43]} g5 {[%clk 1:48:13]} 11. d5 {[%clk 1:50:36]} gxf4 {[%clk
1:47:50]} 12. dxc6 {[%clk 1:50:44]} fxg3 {[%clk 1:47:56]} 13. hxg3 {[%clk
1:50:55]} b6 {[%clk 1:48:07]} 14. b4 {[%clk 1:36:34]} e5 {[%clk 1:36:21]} 15. e4
{[%clk 1:33:12]} Be6 {[%clk 1:27:26]} 16. Qd3 {[%clk 1:28:17]} b5 {[%clk
1:24:14]} 17. cxb5 {[%clk 1:19:16]} axb5 {[%clk 1:23:37]} 18. Rfd1 {[%clk
1:06:01]} Bc4 {[%clk 1:02:05]} 19. Qd2 {[%clk 1:05:00]} Qe8 {[%clk 1:00:43]} 20.
Nh4 {[%clk 1:04:53]} Qxc6 {[%clk 1:00:33]} 21. Nf5 {[%clk 1:05:01]} Qb6 {[%clk
1:00:30]} 22. Nd5 {[%clk 1:01:51]} Bxd5 {[%clk 0:57:49]} 23. exd5 {[%clk
1:01:27]} Ra8 {[%clk 0:56:37]} 24. Rc6 {[%clk 0:48:49]} Qa7 {[%clk 0:55:15]} 25.
Rc2 {[%clk 0:48:57]} Kh7 {[%clk 0:53:25]} 26. Qd3 {[%clk 0:42:19]} Qa3 {[%clk
0:47:08]} 27. Qxa3 {[%clk 0:41:10]} Rxa3 {[%clk 0:47:18]} 28. Rxc7 {[%clk
0:41:14]} Rd8 {[%clk 0:43:06]} 29. Rxf7 {[%clk 0:38:27]} Rd7 {[%clk 0:40:26]} 30.
Rxd7 {[%clk 0:38:13]} Nxd7 {[%clk 0:40:39]} 31. Rc1 {[%clk 0:33:06]} Ra7 {[%clk
0:39:47]} 32. Nxd6 {[%clk 0:32:58]} Bf8 {[%clk 0:39:02]} 33. Nxb5 {[%clk
0:32:33]} Rb7 {[%clk 0:38:19]} 34. a4 {[%clk 0:32:37]} Bxb4 {[%clk 0:37:37]} 35.
d6 {[%clk 0:32:46]} 1-0

[Event "BPB Limburg Open - Group A"]
[Site "chess24.com"]
[Date "2016.05.16"]
[Round "7"]
[White "Van Foreest, Jorden"]
[Black "Swinkels, Robin"]
[Result "1/2-1/2"]
[Board "2"]
[WhiteTitle "GM"]
[WhiteElo "2557"]
[WhiteCountry "NED"]
[WhiteFideId "1039784"]
[WhiteEloChange "-1"]
[BlackTitle "GM"]
[BlackElo "2485"]
[BlackCountry "NED"]
[BlackFideId "1010824"]
[BlackEloChange "1"]

1. e4 {[%clk 2:00:28]} e5 {[%clk 1:59:53]} 2. Nf3 {[%clk 2:00:33]} Nc6 {[%clk
1:59:27]} 3. Bc4 {[%clk 2:00:37]} Bc5 {[%clk 1:59:29]} 4. O-O {[%clk 2:00:43]}
Nf6 {[%clk 1:59:32]} 5. d3 {[%clk 2:00:55]} O-O {[%clk 1:58:47]} 6. h3 {[%clk
2:00:08]} a6 {[%clk 1:54:43]} 7. a4 {[%clk 1:59:31]} d6 {[%clk 1:50:49]} 8. c3
{[%clk 1:57:25]} Ba7 {[%clk 1:50:07]} 9. Re1 {[%clk 1:55:58]} h6 {[%clk 1:42:19]}
10. Nbd2 {[%clk 1:55:43]} Re8 {[%clk 1:39:32]} 11. b4 {[%clk 1:55:24]} Be6 {[%clk
1:31:51]} 12. Bxe6 {[%clk 1:54:22]} Rxe6 {[%clk 1:31:12]} 13. Nf1 {[%clk
1:54:34]} d5 {[%clk 1:20:54]} 14. Qc2 {[%clk 1:54:44]} dxe4 {[%clk 1:12:09]} 15.
dxe4 {[%clk 1:54:54]} Qd7 {[%clk 1:12:19]} 16. Be3 {[%clk 1:50:04]} Bxe3 {[%clk
1:06:10]} 17. Nxe3 {[%clk 1:50:10]} Ne7 {[%clk 1:06:02]} 18. c4 {[%clk 1:38:35]}
Qc6 {[%clk 1:00:43]} 19. Rad1 {[%clk 1:31:56]} b5 {[%clk 0:46:54]} 20. Rd5 {[%clk
1:23:24]} bxc4 {[%clk 0:39:07]} 21. Rc5 {[%clk 1:20:02]} Qxe4 {[%clk 0:38:06]}
22. Qxe4 {[%clk 1:19:21]} Nxe4 {[%clk 0:38:19]} 23. Rxc4 {[%clk 1:19:32]} Nf6
{[%clk 0:36:11]} 24. Rxc7 {[%clk 1:19:07]} Rb8 {[%clk 0:35:00]} 25. Rc4 {[%clk
1:12:59]} Ned5 {[%clk 0:25:23]} 26. Nxd5 {[%clk 1:12:09]} Nxd5 {[%clk 0:25:35]}
27. Rxe5 {[%clk 1:11:02]} Rxe5 {[%clk 0:25:25]} 28. Nxe5 {[%clk 1:11:12]} Rxb4
{[%clk 0:24:22]} 29. Rc5 {[%clk 1:09:33]} Nf4 {[%clk 0:22:56]} 30. a5 {[%clk
1:08:43]} Ra4 {[%clk 0:22:48]} 31. h4 {[%clk 1:04:54]} Ne2+ {[%clk 0:21:03]} 32.
Kf1 {[%clk 1:05:07]} Nf4 {[%clk 0:21:16]} 33. Kg1 {[%clk 1:03:26]} Ne2+ {[%clk
0:21:25]} 34. Kf1 {[%clk 1:03:38]} Nf4 {[%clk 0:21:33]} 35. Kg1 {[%clk 1:01:45]}
1/2-1/2

[Event "BPB Limburg Open - Group A"]
[Site "chess24.com"]
[Date "2016.05.16"]
[Round "7"]
[White "Bauer, Christian"]
[Black "Berg, Emanuel"]
[Result "1-0"]
[Board "3"]
[WhiteTitle "GM"]
[WhiteElo "2634"]
[WhiteCountry "FRA"]
[WhiteFideId "603767"]
[WhiteEloChange "4"]
[BlackTitle "GM"]
[BlackElo "2581"]
[BlackCountry "SWE"]
[BlackFideId "1704060"]
[BlackEloChange "-4"]

1. d4 {[%clk 2:00:04]} Nf6 {[%clk 2:00:21]} 2. g3 {[%clk 1:58:05]} g6 {[%clk
1:57:39]} 3. Bg2 {[%clk 1:58:13]} Bg7 {[%clk 1:57:48]} 4. e4 {[%clk 1:58:20]} d6
{[%clk 1:57:23]} 5. Ne2 {[%clk 1:58:29]} O-O {[%clk 1:56:26]} 6. Nbc3 {[%clk
1:57:36]} c6 {[%clk 1:54:39]} 7. O-O {[%clk 1:54:38]} e5 {[%clk 1:48:38]} 8. a4
{[%clk 1:48:23]} a5 {[%clk 1:41:33]} 9. h3 {[%clk 1:48:21]} Nbd7 {[%clk 1:36:41]}
10. b3 {[%clk 1:35:29]} exd4 {[%clk 1:27:57]} 11. Nxd4 {[%clk 1:34:26]} Re8
{[%clk 1:27:52]} 12. Bf4 {[%clk 1:25:09]} Nc5 {[%clk 1:15:33]} 13. Re1 {[%clk
1:24:20]} Nh5 {[%clk 0:57:04]} 14. Be3 {[%clk 1:24:11]} Nf6 {[%clk 0:56:44]} 15.
f3 {[%clk 1:18:45]} Qc7 {[%clk 0:51:05]} 16. Qd2 {[%clk 1:10:59]} b6 {[%clk
0:48:30]} 17. Rad1 {[%clk 1:07:09]} Bb7 {[%clk 0:47:50]} 18. Bh6 {[%clk 1:00:14]}
Bxh6 {[%clk 0:37:03]} 19. Qxh6 {[%clk 1:00:11]} Qe7 {[%clk 0:36:52]} 20. f4
{[%clk 0:47:36]} Qf8 {[%clk 0:30:54]} 21. Qxf8+ {[%clk 0:40:26]} Kxf8 {[%clk
0:31:07]} 22. g4 {[%clk 0:31:31]} Rad8 {[%clk 0:29:54]} 23. Kf2 {[%clk 0:25:36]}
Nfd7 {[%clk 0:24:47]} 24. g5 {[%clk 0:20:58]} Na6 {[%clk 0:23:00]} 25. h4 {[%clk
0:18:52]} Nb4 {[%clk 0:22:41]} 26. h5 {[%clk 0:16:21]} Nc5 {[%clk 0:20:30]} 27.
Rh1 {[%clk 0:14:52]} Kg7 {[%clk 0:19:57]} 28. f5 {[%clk 0:12:55]} gxf5 {[%clk
0:09:29]} 29. Nxf5+ {[%clk 0:07:42]} Kg8 {[%clk 0:09:40]} 30. Rxd6 {[%clk
0:04:17]} Rxd6 {[%clk 0:08:07]} 31. Nxd6 {[%clk 0:04:31]} Re5 {[%clk 0:08:13]}
32. Rd1 {[%clk 0:03:42]} Rxg5 {[%clk 0:06:30]} 33. Nf5 {[%clk 0:03:15]} Nd5
{[%clk 0:02:11]} 34. h6 {[%clk 0:00:57]} Kf8 {[%clk 0:01:47]} 35. Ne2 {[%clk
0:00:25]} Bc8 {[%clk 0:01:15]} 36. Nfg3 {[%clk 0:00:33]} Nf6 {[%clk 0:00:16]} 37.
Rd8+ {[%clk 0:00:43]} Ke7 {[%clk 0:00:28]} 38. Rxc8 {[%clk 0:00:55]} Ng4+ {[%clk
0:00:25]} 39. Kg1 {[%clk 0:00:34]} Kd7 {[%clk 0:00:25]} 40. Rh8 {[%clk 0:00:44]}
Nxh6 {[%clk 0:00:23]} 41. Rxh7 {[%clk 0:00:54]} Rg6 {[%clk 0:00:18]} 42. Nf5
{[%clk 0:00:43]} 1-0